| 000 | 00986nmm a2200289 a 4500 | ||
|---|---|---|---|
| 001 | ocm000663677 | ||
| 003 | TR-IsHL | ||
| 005 | 20201028140852.0 | ||
| 008 | 131219s2006 tu tur | ||
| 007 | cr cn | ||
| 020 | _a9789944600484 | ||
| 035 |
_a663677 _b(N$T) |
||
| 050 | 0 | 4 |
_aHF1414 _b.G45 2006 |
| 090 | 0 | 4 |
_aHF1414 _b.G45 2006 |
| 245 | 1 | 0 |
_aGelişmiş ülkelerde ithalatın ve dış rekabetin kontrolü _h[electronic resource] / _chaz. Kerem Alkin |
| 260 |
_aİstanbul : _bİstanbul Ticaret Odası, _c2006 |
||
| 300 | _a112 p. | ||
| 650 | 4 | _aEkonomi ve Finans | |
| 650 | 4 | _aEconomics and Finance | |
| 650 | 0 | _aUluslararası ticaret | |
| 650 | 0 | _aInternational trade | |
| 650 | 0 | _aRekabet, Uluslararası | |
| 650 | 0 | _aCompetition, International | |
| 650 | 7 |
_aPOLITICAL SCIENCE / International Relations / Trade & Tariffs _2bisacsh |
|
| 700 | 1 | _aAlkin, Kerem | |
| 856 | 4 | 0 | _uhttp://search.ebscohost.com/login.aspx?direct=true&scope=site&db=e011xww&AN=663677 |
| 999 |
_c7515 _d7515 |
||